Kariera trenerska Rafy Beniteza. - Statystyki

Ogólne statystyki
  • Ten quiz został rozwiązany 58 razy
  • Średni wynik to 4 z 13
Statystyki odpowiedzi
Lata Drużyna % Poprawnych
2015-2016 Real Madryt
96%
2004-2010 Liverpool
80%
2016-2019 Newcastle
66%
2012-2013 Chelsea
60%
2001-2004 Valencia
46%
2010-2010 Inter
40%
2013-2015 Napoli
40%
2000-2001 Tenerife
6%
1996-1996 Osasuna
4%
1995-1996 Real Valladolid
4%
1997-1999 Extremadura
2%
2019-teraz Dalian Professional
0%
1994-1995 Real Madryt Castilla
0%
Nie znaleziono quizów pasujących do podanych kryteriów
Rozkład punktacji
Procent ludzi z każdym wynikiem
Percentyl według liczby udzielonych odpowiedzi
Twoja historia wyników
Nie rozwiązałeś tego quizu